[Event "Phillips & Drew GLC Knights"]
[Site "London, County Hall"]
[Date "1982.04.25"]
[Round "10"]
[White "Fedorowicz, John P"]
[Black "Hartoch, Robert G"]
[Result "1-0"]
[WhiteElo "2455"]
[BlackElo "2390"]
[PlyCount "85"]
[EventDate "1982.04.15"]
[EventType "tourn"]
[EventRounds "15"]
[EventCountry "ENG"]
[SourceTitle "BritBase"]
[Source "John Saunders"]
[SourceDate "2023.10.13"]
[SourceVersion "1"]
[SourceVersionDate "2023.10.13"]
[SourceQuality "1"]

1. d4 Nf6 2. c4 c5 3. d5 g6 4. Nc3 Bg7 5. e4 d6 6. Bd3 O-O 7. h3 a6 8. a4 e6 9.
Nf3 exd5 10. exd5 Qa5 11. Ra3 Re8+ 12. Kf1 Nbd7 13. Nb5 Bf8 14. Bd2 Qd8 15. Nc3
Bg7 16. Bg5 Qe7 17. Qd2 Qf8 18. g3 Nh5 19. g4 Nhf6 20. Bf4 Ne5 21. Nxe5 dxe5
22. Bg5 Nd7 23. Bb1 f6 24. Bh4 Nb6 25. Qe2 Bd7 26. a5 Nc8 27. Ne4 b5 28. Bxf6
Nd6 29. Bxg7 Kxg7 30. Rf3 Qe7 31. b3 bxc4 32. Nxd6 Qxd6 33. bxc4 Rab8 34. Be4
Rb4 35. Kg2 Ra4 36. Rb1 Rxa5 37. Rb7 Rb8 38. Rxb8 Qxb8 39. Qd2 Ra4 40. d6 Be6
41. Qg5 Bxc4 42. Qxe5+ Kg8 43. Bd5+ 1-0

[Event "Phillips & Drew GLC Knights"]
[Site "London, County Hall"]
[Date "1982.04.25"]
[Round "10"]
[White "Franklin, Michael J"]
[Black "Flear, Glenn C"]
[Result "0-1"]
[WhiteElo "2315"]
[BlackElo "2390"]
[PlyCount "78"]
[EventDate "1982.04.15"]
[EventType "tourn"]
[EventRounds "15"]
[EventCountry "ENG"]
[SourceTitle "BritBase"]
[Source "John Saunders"]
[SourceDate "2023.10.13"]
[SourceVersion "1"]
[SourceVersionDate "2023.10.13"]
[SourceQuality "1"]

1. d4 Nf6 2. Nf3 g6 3. Bf4 Bg7 4. e3 O-O 5. Nbd2 d6 6. Bc4 Nbd7 7. h3 Qe8 8.
Bh2 e5 9. dxe5 dxe5 10. e4 Qe7 11. O-O Nh5 12. Re1 Rd8 13. Qe2 Nc5 14. Qe3 Nf4
15. Rad1 Nce6 16. Bf1 Bh6 17. Qc3 Nd4 18. Nxd4 exd4 19. Qf3 Nxh3+ 20. gxh3 Bxd2
21. Re2 Bh6 22. Qg3 c5 23. f4 Bd7 24. Bg2 Kh8 25. Kh1 Bb5 26. Ree1 c4 27. f5 d3
28. cxd3 cxd3 29. Rg1 Rac8 30. Bf3 d2 31. h4 Rc1 32. h5 Rxd1 33. Rxd1 gxf5 34.
Rg1 f4 35. Qg2 Bc6 36. Rd1 Rd3 37. Rg1 Bg5 38. Bxf4 Rxf3 39. Bxg5 Qxe4 0-1

[Event "Phillips & Drew GLC Knights"]
[Site "London, County Hall"]
[Date "1982.04.25"]
[Round "10"]
[White "King, Daniel John"]
[Black "Sowray, Peter John"]
[Result "1/2-1/2"]
[WhiteElo "2365"]
[BlackElo "2270"]
[PlyCount "66"]
[EventDate "1982.04.15"]
[EventType "tourn"]
[EventRounds "15"]
[EventCountry "ENG"]
[SourceTitle "BritBase"]
[Source "John Saunders"]
[SourceDate "2023.10.13"]
[SourceVersion "1"]
[SourceVersionDate "2023.10.13"]
[SourceQuality "1"]

1. e4 Nf6 2. e5 Nd5 3. d4 d6 4. Nf3 dxe5 5. Nxe5 Nd7 6. Nf3 e6 7. Be2 Be7 8. c4
N5f6 9. Nc3 O-O 10. O-O c5 11. Bf4 cxd4 12. Qxd4 Bc5 13. Qd2 b6 14. Rad1 Ba6
15. Ng5 e5 16. Be3 Qe7 17. Qc2 g6 18. Nge4 Bxe3 19. fxe3 Nxe4 20. Nxe4 Rad8 21.
Qa4 Nb8 22. Nf6+ Kg7 23. Nd5 Qh4 24. Nc7 Rxd1 25. Rxd1 Bb7 26. Qb3 Na6 27. Nxa6
Bxa6 28. Qc3 Qe7 29. Bf3 Rc8 30. Bd5 Bxc4 31. Bxc4 b5 32. b3 bxc4 33. bxc4 Qc5
1/2-1/2

[Event "Phillips & Drew GLC Knights"]
[Site "London, County Hall"]
[Date "1982.04.25"]
[Round "10"]
[White "Nicholson, John Graham"]
[Black "Rumens, David E"]
[Result "0-1"]
[WhiteElo "2300"]
[BlackElo "2320"]
[PlyCount "112"]
[EventDate "1982.04.15"]
[EventType "tourn"]
[EventRounds "15"]
[EventCountry "ENG"]
[SourceTitle "BritBase"]
[Source "John Saunders"]
[SourceDate "2023.10.13"]
[SourceVersion "1"]
[SourceVersionDate "2023.10.13"]
[SourceQuality "1"]

1. e4 e5 2. Bc4 Nf6 3. d3 Nc6 4. Nf3 Be7 5. c3 O-O 6. O-O Re8 7. Re1 h6 8. d4
d6 9. Nbd2 Bf8 10. h3 g6 11. Bb5 Bd7 12. d5 Ne7 13. Bf1 g5 14. Nc4 Ng6 15. Nh2
a5 16. b4 axb4 17. cxb4 Ba4 18. Qf3 c6 19. Ng4 Nxg4 20. hxg4 cxd5 21. exd5 Bg7
22. Qe4 Rf8 23. Bd3 h5 24. Ne3 Bd7 25. Nf5 Qf6 26. Bb2 hxg4 27. g3 Rfd8 28.
Qxg4 Kf8 29. Qe4 Bxf5 30. Qxf5 Qxf5 31. Bxf5 Ne7 32. Be4 f5 33. Bg2 e4 34.
Bxg7+ Kxg7 35. f3 Nxd5 36. fxe4 Nxb4 37. Rab1 Nd3 38. Rxb7+ Kf6 39. Rf1 f4 40.
e5+ dxe5 41. Rb6+ Kf5 42. Bxa8 Rxa8 43. gxf4 gxf4 44. Rd1 e4 45. Rb3 Ne5 46.
Rb5 e3 47. Rd4 Rg8+ 48. Kf1 f3 49. Rb2 Rh8 50. Kg1 e2 51. Rb1 Rb8 52. Ra1 Ng4
53. Rxg4 Kxg4 54. Kf2 Rh8 55. Ke3 Rh2 56. Re1 f2 0-1

[Event "Phillips & Drew GLC Knights"]
[Site "London, County Hall"]
[Date "1982.04.25"]
[Round "10"]
[White "Watson, William Nicholas"]
[Black "McNab, Colin Anderson"]
[Result "1/2-1/2"]
[WhiteElo "2330"]
[BlackElo "2340"]
[PlyCount "38"]
[EventDate "1982.04.15"]
[EventType "tourn"]
[EventRounds "15"]
[EventCountry "ENG"]
[SourceTitle "BritBase"]
[Source "John Saunders"]
[SourceDate "2023.10.13"]
[SourceVersion "1"]
[SourceVersionDate "2023.10.13"]
[SourceQuality "1"]

1. e4 g6 2. d4 d6 3. Nc3 Bg7 4. Nf3 Nf6 5. Bg5 O-O 6. Qd2 d5 7. exd5 Nxd5 8.
Ne4 Nf6 9. Nxf6+ exf6 10. Be3 Nc6 11. Be2 Ne7 12. Bh6 Bxh6 13. Qxh6 Bg4 14. Qd2
Nf5 15. Ng1 Bxe2 16. Nxe2 Qd5 17. O-O Rad8 18. c3 c5 19. Nf4 Qd7 1/2-1/2

[Event "Phillips & Drew GLC Knights"]
[Site "London, County Hall"]
[Date "1982.04.26"]
[Round "11"]
[White "Flear, Glenn C"]
[Black "King, Daniel John"]
[Result "0-1"]
[WhiteElo "2390"]
[BlackElo "2365"]
[PlyCount "80"]
[EventDate "1982.04.15"]
[EventType "tourn"]
[EventRounds "15"]
[EventCountry "ENG"]
[SourceTitle "BritBase"]
[Source "John Saunders"]
[SourceDate "2023.10.13"]
[SourceVersion "1"]
[SourceVersionDate "2023.10.13"]
[SourceQuality "1"]

1. d4 Nf6 2. c4 e6 3. Nc3 Bb4 4. e3 O-O 5. Bd3 d5 6. Nf3 c5 7. O-O Nc6 8. a3
Bxc3 9. bxc3 Qc7 10. cxd5 exd5 11. Nh4 Ne7 12. a4 b6 13. Ba3 Re8 14. Rc1 c4 15.
Bb1 Ng6 16. Nf5 Ne4 17. Bxe4 Rxe4 18. Qh5 Bxf5 19. Qxf5 Qc6 20. Rb1 Rd8 21. Rb5
a6 22. Rb4 Nf8 23. Bc1 g6 24. Qg5 f6 25. Qg3 Rde8 26. Bd2 Nd7 27. Re1 f5 28. f3
R4e6 29. Qg5 Kg7 30. Kh1 Qd6 31. Rg1 Nf6 32. Ra1 h6 33. Qh4 g5 34. Qh3 f4 35.
e4 dxe4 36. Rxc4 exf3 37. gxf3 Re2 38. Rd1 g4 39. Qf1 g3 40. hxg3 fxg3 0-1

[Event "Phillips & Drew GLC Knights"]
[Site "London, County Hall"]
[Date "1982.04.26"]
[Round "11"]
[White "Formanek, Edward W"]
[Black "Britton, Richard L"]
[Result "1/2-1/2"]
[WhiteElo "2330"]
[BlackElo "2285"]
[PlyCount "76"]
[EventDate "1982.04.15"]
[EventType "tourn"]
[EventRounds "15"]
[EventCountry "ENG"]
[SourceTitle "BritBase"]
[Source "John Saunders"]
[SourceDate "2023.10.13"]
[SourceVersion "1"]
[SourceVersionDate "2023.10.13"]
[SourceQuality "1"]

1. e4 c5 2. Nf3 d6 3. d4 cxd4 4. Nxd4 Nf6 5. Nc3 a6 6. f4 Nbd7 7. Bd3 e5 8. Nf3
b5 9. O-O Bb7 10. Qe1 g6 11. a4 Bg7 12. axb5 axb5 13. Rxa8 Bxa8 14. Nxb5 O-O
15. Kh1 Qb8 16. fxe5 dxe5 17. Nc3 Nc5 18. Qe3 Rc8 19. h3 Nh5 20. Ng5 Nxd3 21.
Qxd3 Nf4 22. Qd7 Qb7 23. Qxb7 Bxb7 24. g3 h6 25. gxf4 hxg5 26. fxg5 Bf8 27. Rf2
Rc4 28. Re2 Kg7 29. Kg2 Bb4 30. Nd5 Rxe4 31. Rxe4 Bxd5 32. Kf3 Bc5 33. c4 Bb7
34. Be3 f5 35. gxf6+ Kxf6 36. Bxc5 Kf5 37. Ke3 Bxe4 38. b4 Bg2 1/2-1/2

[Event "Phillips & Drew GLC Knights"]
[Site "London, County Hall"]
[Date "1982.04.26"]
[Round "11"]
[White "Hartoch, Robert G"]
[Black "Franklin, Michael J"]
[Result "1/2-1/2"]
[WhiteElo "2390"]
[BlackElo "2315"]
[PlyCount "82"]
[EventDate "1982.04.15"]
[EventType "tourn"]
[EventRounds "15"]
[EventCountry "ENG"]
[SourceTitle "BritBase"]
[Source "John Saunders"]
[SourceDate "2023.10.13"]
[SourceVersion "1"]
[SourceVersionDate "2023.10.13"]
[SourceQuality "1"]

1. e4 c5 2. Nf3 a6 3. c4 d6 4. d4 cxd4 5. Nxd4 b6 6. Nc3 Bb7 7. Be2 Nd7 8. b3
Ngf6 9. f3 e6 10. O-O Be7 11. Bb2 O-O 12. Kh1 Rc8 13. Qd2 Re8 14. Rae1 Bf8 15.
Bd3 Qc7 16. f4 Rcd8 17. Nf3 Qb8 18. Qe2 g6 19. Ng5 Bg7 20. Bb1 Nh5 21. Nd1 f6
22. Nh3 f5 23. Bxg7 Nxg7 24. Nc3 Bc6 25. Ng5 b5 26. cxb5 axb5 27. b4 Qb7 28.
Bc2 h6 29. Nf3 e5 30. fxe5 Nxe5 31. Nxe5 dxe5 32. exf5 gxf5 33. Bxf5 Nxf5 34.
Rxf5 Qg7 35. Ne4 Rf8 36. Ng3 Rxf5 37. Nxf5 Qg5 38. Ne3 Rd4 39. Qc2 Be4 40. Qc8+
Kh7 41. Qc7+ Qg7 1/2-1/2

[Event "Phillips & Drew GLC Knights"]
[Site "London, County Hall"]
[Date "1982.04.26"]
[Round "11"]
[White "Kopec, Danny"]
[Black "Conquest, Stuart C"]
[Result "1-0"]
[WhiteElo "2375"]
[BlackElo "2315"]
[PlyCount "135"]
[EventDate "1982.04.15"]
[EventType "tourn"]
[EventRounds "15"]
[EventCountry "ENG"]
[SourceTitle "BritBase"]
[Source "John Saunders"]
[SourceDate "2023.10.13"]
[SourceVersion "1"]
[SourceVersionDate "2023.10.13"]
[SourceQuality "1"]

1. e4 c5 2. Nf3 Nf6 3. e5 Nd5 4. Nc3 e6 5. Nxd5 exd5 6. d4 Nc6 7. dxc5 Bxc5 8.
Bd3 d6 9. exd6 Qxd6 10. O-O h6 11. Re1+ Be6 12. c3 a5 13. Be3 O-O 14. Bc2 Bxe3
15. Rxe3 Rfe8 16. Qd3 g6 17. Rae1 Kg7 18. Nd4 Bd7 19. Nb5 Qc5 20. Rxe8 Rxe8 21.
Rxe8 Bxe8 22. Nc7 Bd7 23. Qxd5 Qe7 24. Qd2 Qe5 25. Nd5 Be6 26. Ne3 Bxa2 27. b3
a4 28. bxa4 Be6 29. Bd1 Qe4 30. Bc2 Qe5 31. h3 f5 32. Qd3 Ne7 33. Qd4 Qxd4 34.
cxd4 f4 35. Nd1 b6 36. Nc3 Bc4 37. g3 fxg3 38. fxg3 Nc6 39. d5 Nb4 40. Be4 Kf6
41. d6 Ke6 42. d7 Kxd7 43. Bxg6 Kd6 44. Kf2 Ke5 45. Ke3 Be6 46. h4 Na6 47. Bc2
Nc5 48. Ne4 Nxe4 49. Bxe4 Bd7 50. Bc2 h5 51. Bb3 Kf5 52. Bd1 Ke5 53. Bxh5 Bxa4
54. Bg6 Bd1 55. Kd2 Bg4 56. Kc3 Be6 57. Bd3 Bf7 58. Bc4 Bh5 59. Kd3 Kf5 60. Ke3
Ke5 61. Be2 Be8 62. g4 Bd7 63. g5 Be8 64. Bg4 b5 65. h5 b4 66. h6 Bg6 67. Bh5
Bc2 68. Be2 1-0

[Event "Phillips & Drew GLC Knights"]
[Site "London, County Hall"]
[Date "1982.04.26"]
[Round "11"]
[White "McNab, Colin Anderson"]
[Black "Nicholson, John Graham"]
[Result "1-0"]
[WhiteElo "2340"]
[BlackElo "2300"]
[PlyCount "125"]
[EventDate "1982.04.15"]
[EventType "tourn"]
[EventRounds "15"]
[EventCountry "ENG"]
[SourceTitle "BritBase"]
[Source "John Saunders"]
[SourceDate "2023.10.13"]
[SourceVersion "1"]
[SourceVersionDate "2023.10.13"]
[SourceQuality "1"]

1. Nf3 Nf6 2. g3 b6 3. Bg2 Bb7 4. O-O e6 5. c4 c5 6. d3 Be7 7. e4 d6 8. b3 O-O
9. Bb2 a6 10. Nc3 Nc6 11. d4 cxd4 12. Nxd4 Nxd4 13. Qxd4 Rb8 14. Rac1 Qc7 15.
Qe3 Rbc8 16. h3 Nd7 17. Kh2 Qb8 18. Rfd1 Rfd8 19. Qe2 Bf8 20. Rd2 Bc6 21. Rdc2
Re8 22. Qd2 Qa8 23. f3 Ne5 24. Ne2 Bb7 25. Nf4 Qb8 26. Nh5 Rc5 27. Bd4 Nxc4 28.
Rxc4 Rxh5 29. Bxb6 d5 30. Bc7 Qa8 31. Rd4 dxe4 32. fxe4 Be7 33. Rf1 Bf6 34. Rc4
Bc6 35. Qc2 Bb7 36. Qf2 Rb5 37. Bf4 Qd8 38. Bf3 e5 39. Be3 Qe7 40. Rfc1 Ba8 41.
Rc7 Qd6 42. Bg4 Bxe4 43. Bd7 Rd8 44. Bxb5 axb5 45. Rc8 h5 46. Qd2 Bd3 47. Bg5
e4 48. Qf4 Qf8 49. Rxd8 Qxd8 50. Qf5 Bxg5 51. Rc8 Qxc8 52. Qxc8+ Kh7 53. Qf5+
Kh6 54. a4 bxa4 55. bxa4 Bc1 56. a5 f6 57. Qc8 Bd2 58. a6 e3 59. Qh8+ Bh7 60.
Qd8 Bc3 61. Qb6 Bd2 62. Qd4 Bc1 63. Qf4+ 1-0

[Event "Phillips & Drew GLC Knights"]
[Site "London, County Hall"]
[Date "1982.04.26"]
[Round "11"]
[White "Norris, Alan J"]
[Black "Fedorowicz, John P"]
[Result "0-1"]
[WhiteElo "2265"]
[BlackElo "2455"]
[PlyCount "132"]
[EventDate "1982.04.15"]
[EventType "tourn"]
[EventRounds "15"]
[EventCountry "ENG"]
[SourceTitle "BritBase"]
[Source "John Saunders"]
[SourceDate "2023.10.13"]
[SourceVersion "1"]
[SourceVersionDate "2023.10.13"]
[SourceQuality "1"]

1. e4 c5 2. Nf3 d6 3. d4 cxd4 4. Nxd4 Nf6 5. Nc3 Nc6 6. Bc4 Qb6 7. Nb3 e6 8.
Be3 Qc7 9. f4 a6 10. a4 b6 11. Be2 Be7 12. O-O O-O 13. Bf3 Rb8 14. Rf2 Re8 15.
g4 Bf8 16. g5 Nd7 17. Bg2 Na5 18. Nd2 Nc4 19. Nxc4 Qxc4 20. Ne2 Bb7 21. b3 Qc7
22. Ng3 Rbd8 23. Qe2 Nc5 24. Rd1 Bc6 25. Kh1 Qb7 26. Bc1 d5 27. e5 d4 28. Bb2
d3 29. cxd3 Bxg2+ 30. Rxg2 Qd5 31. d4 Qxb3 32. f5 Nxa4 33. Ba1 exf5 34. Nxf5
Re6 35. Rd3 Qb1+ 36. Rg1 Qb5 37. Rgd1 Qd5+ 38. Kg1 Rg6 39. Rg3 b5 40. h4 Rc6
41. Rf1 b4 42. Ne3 Qd7 43. Rgf3 Nc3 44. Qf2 Rc7 45. Bxc3 bxc3 46. Rf4 Rdc8 47.
Qc2 Qe6 48. R1f2 Rb8 49. Qe4 Rcb7 50. Kg2 Rb2 51. d5 Rxf2+ 52. Rxf2 Qe8 53. Qd4
Rb4 54. Qxc3 Rxh4 55. Rf5 Qa4 56. Qd3 Qa1 57. Qf1 Qxf1+ 58. Nxf1 g6 59. Rf3 Re4
60. Re3 Rxe3 61. Nxe3 Be7 62. d6 Bxg5 63. Nd5 Kf8 64. Nc7 a5 65. e6 a4 66. exf7
Be7 0-1

[Event "Phillips & Drew GLC Knights"]
[Site "London, County Hall"]
[Date "1982.04.26"]
[Round "11"]
[White "Rumens, David E"]
[Black "Cox, John J"]
[Result "0-1"]
[WhiteElo "2320"]
[BlackElo "2285"]
[PlyCount "42"]
[EventDate "1982.04.15"]
[EventType "tourn"]
[EventRounds "15"]
[EventCountry "ENG"]
[SourceTitle "BritBase"]
[Source "John Saunders"]
[SourceDate "2023.10.13"]
[SourceVersion "1"]
[SourceVersionDate "2023.10.13"]
[SourceQuality "1"]

1. e4 e6 2. d4 d5 3. e5 c5 4. Nf3 Nc6 5. Bd3 cxd4 6. O-O Nge7 7. Bf4 Ng6 8. Bg3
Qb6 9. Nbd2 Qxb2 10. Nb3 Bd7 11. h4 Nb4 12. Nfxd4 a6 13. f4 Nxd3 14. Qxd3 Rc8
15. Be1 Be7 16. h5 Nh4 17. g4 Rc4 18. Rf2 Ba4 19. c3 Qa3 20. Nc2 Qb2 21. Ne3
Qa3 {... x moves.} 0-1

[Event "Phillips & Drew GLC Knights"]
[Site "London, County Hall"]
[Date "1982.04.26"]
[Round "11"]
[White "Sowray, Peter John"]
[Black "Watson, William Nicholas"]
[Result "1/2-1/2"]
[WhiteElo "2270"]
[BlackElo "2330"]
[PlyCount "94"]
[EventDate "1982.04.15"]
[EventType "tourn"]
[EventRounds "15"]
[EventCountry "ENG"]
[SourceTitle "BritBase"]
[Source "John Saunders"]
[SourceDate "2023.10.13"]
[SourceVersion "1"]
[SourceVersionDate "2023.10.13"]
[SourceQuality "1"]

1. e4 c5 2. Nf3 d6 3. d4 cxd4 4. Nxd4 Nf6 5. Nc3 g6 6. Be3 Bg7 7. f3 Nc6 8. Qd2
O-O 9. g4 Be6 10. O-O-O Nxd4 11. Bxd4 Qa5 12. g5 Nd7 13. Bxg7 Kxg7 14. Nd5
Qxd2+ 15. Rxd2 Bxd5 16. exd5 Rac8 17. Bh3 Rc7 18. Bxd7 Rxd7 19. Re2 Rc8 20.
Rhe1 Kf8 21. h4 Rc5 22. Rd1 Rc4 23. Re4 Rdc7 24. c3 b5 25. Rdd4 R4c5 26. Kc2 a5
27. Kb3 Rb7 28. Re2 Rbc7 29. Ree4 Rb7 30. Rd2 Kg7 31. f4 Rbc7 32. Rdd4 Rb7 33.
a3 Rbc7 34. Kc2 Rb7 35. Kd3 Rbc7 36. Ke3 Kg8 37. Kf3 Kf8 38. Kg4 h5+ 39. Kf3
Kg7 40. Re2 Rb7 41. Ree4 Rbc7 42. Ke3 Rb7 43. Kd3 Rbc7 44. Re2 a4 45. Ke3 Rc4
46. Red2 Rb7 47. Re4 Ra7 1/2-1/2

[Event "Phillips & Drew GLC Knights"]
[Site "London, County Hall"]
[Date "1982.04.27"]
[Round "12"]
[White "Britton, Richard L"]
[Black "Kopec, Danny"]
[Result "0-1"]
[WhiteElo "2285"]
[BlackElo "2375"]
[PlyCount "68"]
[EventDate "1982.04.15"]
[EventType "tourn"]
[EventRounds "15"]
[EventCountry "ENG"]
[SourceTitle "BritBase"]
[Source "John Saunders"]
[SourceDate "2023.10.13"]
[SourceVersion "1"]
[SourceVersionDate "2023.10.13"]
[SourceQuality "1"]

1. e4 e6 2. d3 d5 3. Nd2 Nc6 4. Ngf3 Nf6 5. g3 dxe4 6. dxe4 Bc5 7. Bg2 O-O 8.
O-O e5 9. c3 a5 10. Qc2 b6 11. Nb3 Bd6 12. a4 Be6 13. Re1 h6 14. Nh4 Ne7 15. f4
Ng4 16. Bf3 exf4 17. gxf4 Ng6 18. Nxg6 fxg6 19. e5 Qh4 20. Re2 Rae8 21. Bd2 Kh7
22. Nd4 Bc5 23. Rg2 Bf5 24. Qd1 h5 25. Qe2 Rd8 26. Be3 Nxe3 27. Qxe3 Bh3 28.
Rg3 Be6 29. Be4 Rxf4 30. Bxg6+ Kh8 31. Qe2 Rdxd4 32. cxd4 Bxd4+ 33. Kh1 Bd5+
34. Rg2 Rf2 0-1

[Event "Phillips & Drew GLC Knights"]
[Site "London, County Hall"]
[Date "1982.04.27"]
[Round "12"]
[White "Cox, John J"]
[Black "McNab, Colin Anderson"]
[Result "1/2-1/2"]
[WhiteElo "2285"]
[BlackElo "2340"]
[PlyCount "102"]
[EventDate "1982.04.15"]
[EventType "tourn"]
[EventRounds "15"]
[EventCountry "ENG"]
[SourceTitle "BritBase"]
[Source "John Saunders"]
[SourceDate "2023.10.13"]
[SourceVersion "1"]
[SourceVersionDate "2023.10.13"]
[SourceQuality "1"]

1. e4 g6 2. d4 d6 3. Nc3 Bg7 4. Be2 Nf6 5. Nf3 O-O 6. O-O Nbd7 7. e5 Ne8 8. Bf4
c5 9. dxc5 Nxc5 10. Qd2 Ne6 11. Bh6 dxe5 12. Qxd8 Nxd8 13. Bxg7 Kxg7 14. Nxe5
f6 15. Nc4 Nc6 16. Rad1 Be6 17. Ne3 Nd6 18. Ned5 Bxd5 19. Nxd5 Kf7 20. Rfe1
Rad8 21. c3 e5 22. Nc7 Ne7 23. Rd2 Rc8 24. Rxd6 Rxc7 25. Red1 Rfc8 26. Bb5 Nc6
27. Bc4+ Kg7 28. Rd7+ Kh6 29. Bb3 Rxd7 30. Rxd7 Rd8 31. Rxd8 Nxd8 32. f3 Kg7
33. Kf2 Kf8 34. Ke3 Ke7 35. Bd5 Kd6 36. Bg8 h6 37. b4 Nc6 38. Bf7 Ne7 39. Kd3
f5 40. a4 g5 41. a5 b6 42. axb6 axb6 43. Kc4 Kc6 44. Be8+ Kd6 45. Bf7 Kc6 46.
Kd3 Kd6 47. Bb3 h5 48. g3 h4 49. g4 e4+ 50. Ke3 exf3 51. Kxf3 Ke5 1/2-1/2

[Event "Phillips & Drew GLC Knights"]
[Site "London, County Hall"]
[Date "1982.04.27"]
[Round "12"]
[White "Fedorowicz, John P"]
[Black "Formanek, Edward W"]
[Result "1-0"]
[WhiteElo "2455"]
[BlackElo "2330"]
[PlyCount "69"]
[EventDate "1982.04.15"]
[EventType "tourn"]
[EventRounds "15"]
[EventCountry "ENG"]
[SourceTitle "BritBase"]
[Source "John Saunders"]
[SourceDate "2023.10.13"]
[SourceVersion "1"]
[SourceVersionDate "2023.10.13"]
[SourceQuality "1"]

1. d4 d5 2. c4 c6 3. Nc3 Nf6 4. Nf3 dxc4 5. a4 Bf5 6. e3 e6 7. Bxc4 Bb4 8. O-O
O-O 9. Nh4 Bg4 10. f3 Bh5 11. g4 Nd5 12. Ng2 Bg6 13. Qb3 Qb6 14. Ne2 Nd7 15. e4
Ne5 16. a5 Bxa5 17. exd5 Nxc4 18. Qxc4 exd5 19. Qa4 Bd3 20. Ngf4 Bxe2 21. Nxe2
Bb4 22. Qd1 Rfe8 23. Nc3 Re6 24. Bf4 Rae8 25. Qd3 Bd6 26. Bxd6 Rxd6 27. Rae1
Rde6 28. Rxe6 Rxe6 29. Qd2 g6 30. Rf2 Qb3 31. Kg2 Qc4 32. h4 b6 33. Qf4 Re8 34.
h5 Qb4 35. h6 1-0

[Event "Phillips & Drew GLC Knights"]
[Site "London, County Hall"]
[Date "1982.04.27"]
[Round "12"]
[White "Franklin, Michael J"]
[Black "King, Daniel John"]
[Result "0-1"]
[WhiteElo "2315"]
[BlackElo "2365"]
[PlyCount "80"]
[EventDate "1982.04.15"]
[EventType "tourn"]
[EventRounds "15"]
[EventCountry "ENG"]
[SourceTitle "BritBase"]
[Source "John Saunders"]
[SourceDate "2023.10.13"]
[SourceVersion "1"]
[SourceVersionDate "2023.10.13"]
[SourceQuality "1"]

1. d4 Nf6 2. Nf3 g6 3. Bf4 d6 4. h3 Bg7 5. e3 O-O 6. Bc4 c5 7. c3 Nc6 8. O-O a6
9. a4 cxd4 10. exd4 Rb8 11. Re1 b5 12. axb5 axb5 13. Bf1 Be6 14. Nbd2 Na5 15.
Rxe6 fxe6 16. Ng5 Qb6 17. Nxe6 Rfc8 18. Nxg7 Kxg7 19. Nf3 Re8 20. Qe2 Nc6 21.
Qe6 Nd8 22. Qb3 Nf7 23. Re1 Rb7 24. g4 Qc6 25. Bg2 Qc4 26. Qc2 Rc7 27. Nd2 Qxd4
28. Be3 Qa4 29. Qb1 Kg8 30. g5 Nd7 31. Bd5 e6 32. Bd4 Nxg5 33. Qd3 Ne5 34. Qg3
exd5 35. Qxg5 Qc2 36. Kg2 Rf7 37. Qe3 Rff8 38. Qg5 Qf5 39. Qh6 Qf4 40. Qxf4
Rxf4 0-1

[Event "Phillips & Drew GLC Knights"]
[Site "London, County Hall"]
[Date "1982.04.27"]
[Round "12"]
[White "Hartoch, Robert G"]
[Black "Norris, Alan J"]
[Result "1-0"]
[WhiteElo "2390"]
[BlackElo "2265"]
[PlyCount "85"]
[EventDate "1982.04.15"]
[EventType "tourn"]
[EventRounds "15"]
[EventCountry "ENG"]
[SourceTitle "BritBase"]
[Source "John Saunders"]
[SourceDate "2023.10.13"]
[SourceVersion "1"]
[SourceVersionDate "2023.10.13"]
[SourceQuality "1"]

1. d4 Nf6 2. c4 e6 3. Nf3 c5 4. d5 exd5 5. cxd5 d6 6. Nc3 g6 7. e4 Bg7 8. Be2
O-O 9. O-O Re8 10. Nd2 Nbd7 11. h3 a6 12. a4 Qc7 13. Qc2 Rb8 14. a5 b5 15. axb6
Rxb6 16. Nc4 Rb4 17. Bf4 Bf8 18. Rfe1 Ne5 19. b3 Nxc4 20. Bxc4 Qb8 21. Na4 Bg7
22. Rad1 Nd7 23. Bd2 Rb7 24. f4 Bd4+ 25. Be3 Bxe3+ 26. Rxe3 Rb4 27. Rde1 f6 28.
Qc3 Kf8 29. g4 h6 30. Nb2 g5 31. Nd3 gxf4 32. Rf3 Rb7 33. Rxf4 Kg7 34. Ref1 Rf8
35. h4 Ne5 36. g5 Rbf7 37. Nxe5 dxe5 38. Rxf6 Rxf6 39. Rxf6 Rxf6 40. gxf6+ Kxf6
41. Qe3 Kg6 42. Qg3+ Kf6 43. Qf2+ 1-0

[Event "Phillips & Drew GLC Knights"]
[Site "London, County Hall"]
[Date "1982.04.27"]
[Round "12"]
[White "Nicholson, John Graham"]
[Black "Sowray, Peter John"]
[Result "0-1"]
[WhiteElo "2300"]
[BlackElo "2270"]
[PlyCount "62"]
[EventDate "1982.04.15"]
[EventType "tourn"]
[EventRounds "15"]
[EventCountry "ENG"]
[SourceTitle "BritBase"]
[Source "John Saunders"]
[SourceDate "2023.10.13"]
[SourceVersion "1"]
[SourceVersionDate "2023.10.13"]
[SourceQuality "1"]

1. e4 c5 2. Nf3 d6 3. d4 cxd4 4. Nxd4 Nf6 5. Nc3 a6 6. Be3 e5 7. Nb3 Be6 8. f3
Nbd7 9. Qd2 b5 10. g4 Nb6 11. Bxb6 Qxb6 12. Nd5 Nxd5 13. exd5 Bd7 14. Bd3 g6
15. Qf2 Qxf2+ 16. Kxf2 f5 17. gxf5 gxf5 18. a4 bxa4 19. Na5 Be7 20. Nc6 Bh4+
21. Ke2 Rg8 22. Rxa4 Rg2+ 23. Kd1 Bg5 24. Ke1 Kf7 25. Kf1 Rd2 26. Rg1 Rg8 27.
Rg2 Rxg2 28. Kxg2 Be3+ 29. Kf1 e4 30. fxe4 f4 31. Bc4 f3 0-1

[Event "Phillips & Drew GLC Knights"]
[Site "London, County Hall"]
[Date "1982.04.27"]
[Round "12"]
[White "Watson, William Nicholas"]
[Black "Flear, Glenn C"]
[Result "1/2-1/2"]
[WhiteElo "2330"]
[BlackElo "2390"]
[PlyCount "67"]
[EventDate "1982.04.15"]
[EventType "tourn"]
[EventRounds "15"]
[EventCountry "ENG"]
[SourceTitle "BritBase"]
[Source "John Saunders"]
[SourceDate "2023.10.13"]
[SourceVersion "1"]
[SourceVersionDate "2023.10.13"]
[SourceQuality "1"]

1. g3 Nf6 2. Bg2 d5 3. Nf3 c6 4. O-O Bf5 5. d3 h6 6. c4 e6 7. cxd5 cxd5 8. Qb3
Qb6 9. Be3 Qxb3 10. axb3 Nc6 11. Nd4 Nxd4 12. Bxd4 a6 13. Nc3 Bh7 14. e4 dxe4
15. dxe4 Rd8 16. Bb6 Rd6 17. Ba7 Nd7 18. e5 Rd2 19. Rfd1 Rxd1+ 20. Rxd1 Nxe5
21. Bxb7 Bb4 22. Na2 Be7 23. Nc1 O-O 24. f4 Ng4 25. Rd7 Bf6 26. Bc5 Rb8 27. h3
Bxb2 28. hxg4 Bxc1 29. Bxa6 Be4 30. Bc4 Bf3 31. b4 Ba3 32. Rd3 Bxb4 33. Bxb4
Rxb4 34. Bxe6 1/2-1/2